00295nam a2200121Ia 4500008004100000082002000041100002000061245001500081260004100096365000600137630001500143730001500158100415s9999 xx 000 0 und d b11411a639.9797 aSUNQUIST, FIONA aTiger Moon aCHICAGOc1988bUNIVERSITY OF CHICAGO b0 aTiger Moon aTiger Moon